| 000 | 00900nam a2200265 i 4500 | ||
|---|---|---|---|
| 001 | 105983 | ||
| 003 | ES-MaACL | ||
| 007 | t| | ||
| 008 | 060919s1969 fr ||||1| fre d | ||
| 080 | _a821.133.1-1(082.2) | ||
| 245 | 0 | 0 |
_aAnthologie de la nouvelle poésie française. _nT. I / _cpoèmes de Crhistian Bachelin ... [et al.] ; avec un avant-propos de Daniel Gelin ; et un préface de Jean Rosselot. |
| 260 |
_aParis : _bLibraire Saint-Germain-Des-Prés, _c[1969] |
||
| 300 |
_a122 p. ; _c18 cm. |
||
| 490 | 1 |
_aPoésie ; _v1 |
|
| 500 | _aBiblioteca Juan Andrade. | ||
| 650 | 1 | 7 |
_aPoesía francesa _9136726 |
| 655 | 7 |
_2tgfbne _aPoesías _9176539 |
|
| 700 | 1 |
_aBachelin, Christian. _924470 |
|
| 700 | 1 |
_aGelin, Daniel. _956252 |
|
| 700 | 1 |
_aRousselot, Jean. _9100079 |
|
| 830 | 0 |
_aPoésie ; _v1 _9185130 |
|
| 852 |
_aES-MaACL _jAND-912 _bR.110200 |
||
| 942 | _2udc | ||
| 999 |
_c105983 _d105983 |
||